000 00547nam a22001817a 4500
005 20250614131439.0
008 250614b |||||||| |||| 00| 0 eng d
020 _a9780256174748
050 _aHF5415.5 CHU
100 _aRoxas Juanita
245 _aMarketing:
_bCreating Value for Customers/
_cJuanita Roxas, Gilbert A. Churchill Jr. & J. Paul Peter
260 _aChicago
_bAusten Press/Irwin
_c1995
300 _avi. 294p.
_c26 cm
650 _2Marketing
700 _aChurchill Gilbert A. Jr.
700 _aPeter J. Paul
942 _2lcc
_cBK
_n0
999 _c6478
_d6478